Città dell'Italia - Statistics

Statistiche generali
  • Questo quiz è stato fatto 83 volte
  • Il punteggio medio è 9 su 12
Statistiche sulle risposte
con Immagini Risposta % Corretto
Roma
100%
Firenze
98%
Napoli
98%
Milano
97%
Venezia
97%
Verona
91%
Torino
85%
Palermo
71%
Genova
68%
Trieste
52%
Bari
43%
Vicenza
22%
Nessun quiz corrispondente trovato
Distribuzione punteggi
Percentuale di utenti per punteggio
Percentile per numero di risposta
I tuoi punteggi nel tempo
Non hai fatto questo quiz